Guía Mosby de exploración física / (Registro nro. 2139)

Detalles MARC
000 -LEADER
fixed length control field 01904nam a2200553 a 4500
005 - FECHA ULTIMA MODIFICACION
control field 20240503104146.0
008 - CAMPO DE CONTROL (LIBRO)
fixed length control field 100315t2011||||Sp a f |||| 001 0 spa d
020 ## - INTERNATIONAL STANDARD BOOK NUMBER
ISBN 9788480867399
041 ## - CODIGO DE IDIOMA
Código de idioma del texto/pista de sonido o título separado spa
092 ## - SIGNATURA TOPOGRAFICA DEWEY LOCAL
número de clasificación 616.072
libristica 31
sección GUI
245 ## - TITULO PROPIAMENTE DICHO
Título Guía Mosby de exploración física /
Mención de responsabilidad y remanente de la transcripción de la portada Henry M. Seidel
250 ## - MENCION DE EDICION
Mención de edición 7a ed. en español de la séptima edición de la obra original en inglés
Mención de responsabilidad relacionada con la ed. Revisión Científica Angel del Palacio Pérez-Medel
260 ## - PIE DE IMPRENTA
Lugar de publicación, distribución, etc Barcelona:
Nombre de la editorial, distribuidor, etc Elsevier;
Fecha de publicación 2011.
300 ## - DESCRIPCION FISICA
Extension 346 p.
500 ## - NOTA GENERAL
Nota general Seidel, H. M. et al. (2011). Guía Mosby de exploración física. (7a ed.). Barcelona : Elsevier.
653 ## - TÉRMINO INDIZADO - PALABRAS CLAVES
Palabra clave Anamnesis
653 ## - TÉRMINO INDIZADO - PALABRAS CLAVES
Palabra clave Estado mental
653 ## - TÉRMINO INDIZADO - PALABRAS CLAVES
Palabra clave Nutrición, crecimiento y medidas
653 ## - TÉRMINO INDIZADO - PALABRAS CLAVES
Palabra clave Piel, pelo y uñas
653 ## - TÉRMINO INDIZADO - PALABRAS CLAVES
Palabra clave Sistema linfático
653 ## - TÉRMINO INDIZADO - PALABRAS CLAVES
Palabra clave Cabeza y cuello
653 ## - TÉRMINO INDIZADO - PALABRAS CLAVES
Palabra clave Ojos
653 ## - TÉRMINO INDIZADO - PALABRAS CLAVES
Palabra clave Oidos, nariz y garganta
653 ## - TÉRMINO INDIZADO - PALABRAS CLAVES
Palabra clave Tórax y pulmones
653 ## - TÉRMINO INDIZADO - PALABRAS CLAVES
Palabra clave Corazón
653 ## - TÉRMINO INDIZADO - PALABRAS CLAVES
Palabra clave Vasos sanguíneos
653 ## - TÉRMINO INDIZADO - PALABRAS CLAVES
Palabra clave Mamas y axilas
653 ## - TÉRMINO INDIZADO - PALABRAS CLAVES
Palabra clave Abdomen
653 ## - TÉRMINO INDIZADO - PALABRAS CLAVES
Palabra clave Genitales femenimos
653 ## - TÉRMINO INDIZADO - PALABRAS CLAVES
Palabra clave Genitales masculinos
653 ## - TÉRMINO INDIZADO - PALABRAS CLAVES
Palabra clave Ano, recto y próstata
653 ## - TÉRMINO INDIZADO - PALABRAS CLAVES
Palabra clave Sistema musculoesquelético
653 ## - TÉRMINO INDIZADO - PALABRAS CLAVES
Palabra clave Sistema nervioso
653 ## - TÉRMINO INDIZADO - PALABRAS CLAVES
Palabra clave Exploración del adulto
653 ## - TÉRMINO INDIZADO - PALABRAS CLAVES
Palabra clave Exploración de la mujer sana
653 ## - TÉRMINO INDIZADO - PALABRAS CLAVES
Palabra clave Exploración de lactantes, niños y adolescentes
653 ## - TÉRMINO INDIZADO - PALABRAS CLAVES
Palabra clave Información y registro
653 ## - TÉRMINO INDIZADO - PALABRAS CLAVES
Palabra clave Apéndice A:refrencia rápida sobre casos especiales
653 ## - TÉRMINO INDIZADO - PALABRAS CLAVES
Palabra clave Apéndice B: herramientas de valoración del dolor
653 ## - TÉRMINO INDIZADO - PALABRAS CLAVES
Palabra clave Tablas de crecimiento de los CDC
653 ## - TÉRMINO INDIZADO - PALABRAS CLAVES
Palabra clave Efectos adversos de los fármacos
700 1# - ENTRADAS SECUNDARIAS - NOMBRE PERSONAL
Nombre personal Seidel, Henry M.
9 (RLIN) 3048
700 1# - ENTRADAS SECUNDARIAS - NOMBRE PERSONAL
Nombre personal Ball, Jane W.
9 (RLIN) 3049
700 1# - ENTRADAS SECUNDARIAS - NOMBRE PERSONAL
Nombre personal Dains, Joyce E.
9 (RLIN) 3050
700 1# - ENTRADAS SECUNDARIAS - NOMBRE PERSONAL
Nombre personal Flynn, John E.
9 (RLIN) 3703
700 1# - ENTRADAS SECUNDARIAS - NOMBRE PERSONAL
Nombre personal Solomon, Barry S.
9 (RLIN) 3704
700 1# - ENTRADAS SECUNDARIAS - NOMBRE PERSONAL
Nombre personal Stewart, Rosalyn W.
9 (RLIN) 3705
942 ## - ADDED ENTRY ELEMENTS (KOHA)
Source of classification or shelving scheme Dewey Decimal Classification
Item type Libros
Existencias
Estado de retiro Existencia Fuente de clasificación Estado general No para prestamo Colección Ubicación permanente ubicación actual Sala de ubicación Fecha de adquisición Costo, precio normal de compra Total Checkouts Número de clasificación Código de barras Date last seen Número de ejemplar Price effective from Koha tipo de elemento (item) Public note Total Renewals Date last borrowed
    Dewey Decimal Classification     Reference Biblioteca Medicina Biblioteca Medicina Referencia 05/02/2015 360.00   616.072 31 GUI 3447 05/02/2015 Ej.1 05/02/2015 Reference LIBRO DE CONSULTA. COMPRA ENERO 2015    
    Dewey Decimal Classification       Biblioteca Medicina Biblioteca Medicina Circulación 05/02/2015 360.00 6 616.072 31 GUI 3448 03/05/2024 Ej.2 05/02/2015 Libros COMPRA ENERO 2015 2 30/04/2024
    Dewey Decimal Classification       Biblioteca Medicina Biblioteca Medicina Circulación 05/02/2015 360.00 4 616.072 31 GUI 3449 09/09/2024 Ej.3 05/02/2015 Libros COMPRA ENERO 2015   30/08/2024

UNIVERSIDAD NACIONAL DEL COMAHUE
Biblioteca de la Facultad de Ciencias Médicas
Sede Toschi: Los Arrayanes y Av. Toschi, Cipolletti  - Rio Negro
Sede Los Tordos:  Yrigoyen al 2211, Cipolletti - Rio Negro 

Teléfono: 0299 - 4774707 int 25
Contacto: biblioteca@facimed.uncoma.edu.ar
© 2011 - 2026